ACM Computing Reviews
Salvato in:
| Natura: | Periodico |
|---|---|
| Pubblicazione: |
1974
|
| Tags: |
Nessun Tag, puoi essere il primo ad aggiungerne!!
|
MARC
| LEADER | 00000nas a22000003a 4500 | ||
|---|---|---|---|
| 001 | stu63969 | ||
| 005 | 20141122004911.1 | ||
| 008 | 011106s1974----------------------------d | ||
| 040 | |a STU |b slo | ||
| 041 | 0 | ||
| 245 | |a ACM Computing Reviews | ||
| 260 | |c 1974 | ||
| 500 | |a 1-12 | ||
| 500 | |a 12 | ||
| 773 | 0 | |t ACM Computing Reviews : |w stu_us_cat*stu59590 |x 0010-4884 |7 nnas | |
| 996 | |d Vol. 15, 1974 |v Vol. 15 |y 1974 |l II680 |s A |a 24 |w stu63969_0001 | ||